[Event "Abu Dhabi op 10th"]
[Site "Abu Dhabi"]
[Date "2000.08.30"]
[Round "5"]
[White "Kaabi, Mejdi"]
[Black "Hazouri, Ismail"]
[Result "1-0"]
[WhiteElo "2380"]
[BlackElo "2165"]
[PlyCount "55"]
[EventDate "2000.08.26"]
[EventType "swiss"]
[EventRounds "9"]
[EventCountry "UAE"]
[SourceTitle "CBM 077 Extra"]
[Source "ChessBase"]
[SourceDate "2000.09.14"]
[SourceVersion "1"]
[SourceVersionDate "2000.09.14"]
[SourceQuality "1"]

1. d4 Nf6 2. c4 g6 3. Nc3 Bg7 4. e4 d6 5. Be2 0-0 6. Bg5 h6 7. Be3 e5 8. d5 Nbd7 9. Qd2 Nc5 10. f3 Kh7 11. g4 a5 12. 0-0-0 a4 13. Kb1 Ne8 14. h4 Rh8 15. Rc1 b6 16. Bd1 Bd7 17. Nge2 Kg8 18. Nb5 Nf6 19. Nec3 Bxb5 20. Nxb5 Nfd7 21. Rc3 h5 22. g5 Kh7 23. Rg1 Ra5 24. Bc2 Qc8 25. Qd1 f6 26. Bd2 Ra8 27. Bc1 fxg5 28. hxg5 1-0